The Christ of the Indian road.

Bibliographic Details
Main Author: Jones, E. Stanley (Eli Stanley), 1884-1973
Format: Book
Language:English
Published: New York, Cincinnati : The Abingdon press, [1925]
Subjects:

MARC

Tag First Indicator Second Indicator Subfields
LEADER 00000cam a2200000 4500
001 in00000038417
005 20151007081029.0
008 720817s1925 eng u
010 |a  25023712  
035 |a (OCoLC)00384113 
035 |9 AAF5769AM 
040 |c WSU  |d TXA  |d UtOrBLW 
049 |a TXAM  |c 1 [149831]  |c 2 [458744] 
050 0 |a BV3265  |b .J65 
090 |a BV3265  |b .J65 1925 
092 |a 266  |b J76c 
100 1 |a Jones, E. Stanley  |q (Eli Stanley),  |d 1884-1973. 
245 1 4 |a The Christ of the Indian road. 
264 1 |a New York, Cincinnati :  |b The Abingdon press,  |c [1925] 
264 4 |c [©1925] 
300 |a 223 pages 
336 |a text  |b txt  |2 rdacontent 
337 |a unmediated  |b n  |2 rdamedia 
338 |a volume  |b nc  |2 rdacarrier 
650 0 |a Missions  |z India. 
999 |a MARS 
999 f f |s 32dd18c2-b45c-3aa7-a68d-4472dd2dbc97  |i 4a56d040-82ec-3cf9-a476-a89503ff6051  |t 0 
952 f f |p ric  |a Texas A&M University  |b Rellis Campus  |c Joint Library Facility  |d Remote Storage  |t 0  |e BV3265 .J65 1925  |h Library of Congress classification  |i unmediated -- volume  |m A14800616620 
998 f f |a BV3265 .J65 1925  |t 0  |l Remote Storage